000 00367nam a2200133Ia 4500
008 220216s9999 xx 000 0 und d
100 _aNapper R P N
245 0 _aReport on diseases of the rubber tree in Kedah
260 _bJournal of the Rubber Research Institute of Malaya
_c1933
300 _a35-47
650 _aKedah
650 _aRubber disease
942 _cJS
999 _c66764
_d66764